| 000 | 00000nas##2200000za#4500 |
| 001 | 9.507312 |
| 003 | CaOODSP |
| 005 | 20210305155311 |
| 007 | cr ||||||||||| |
| 008 | 150406c2012||||xxc|| m o||||f| |0eng|d |
| 040 | |aCaOODSP|beng |
| 043 | |an-cn--- |
| 086 | 1 |aXC60-1/1E-PDF |
| 110 | 1 |aCanada.|bHouse of Commons. |bStanding Committee on Official Languages. |
| 245 | 10|aReport of the Standing Committee on Official Languages / |h[electronic resource]|cChair: |
| 260 | |aOttawa - Ontario : |bHouse of Commons. |
| 310 | |aIrregular |
| 362 | 1 |a01 -- |
| 690 | 07|aOfficial languages|2gcpds |
| 775 | 08|tRapport du Comité permanent des langues officielles / |w(CaOODSP)9.503702 |